MCU Movies in Order - Statistics

General Stats
  • This quiz has been taken 252 times
  • The average score is 16 of 20
Answer Stats
Movie % Correct
Iron Man
99%
The Incredible Hulk
96%
Iron Man 2
93%
Thor
93%
Captain America: The First Avenger
89%
Marvel's Avengers
87%
Iron Man 3
84%
Thor: The Dark World
81%
Captain America: The Winter Soldier
78%
Ant-Man
75%
Avengers: Age of Ultron
74%
Captain America: Civil War
74%
Guardians of the Galaxy
74%
Doctor Strange
71%
Avengers: Infinity War
66%
Black Panther
65%
Guardians of the Galaxy Vol. 2
65%
Ant-Man and the Wasp
63%
Spider-Man: Homecoming
63%
Thor: Ragnarok
63%
No matching quizzes found
Score Distribution
Percent of People with Each Score
Percentile by Number Answered
Your Score History
You have not taken this quiz